Capitales contenant la lettre C - Statistiques

Statistiques générales
  • Ce quiz a été pris 1 102 fois
  • Le résultat moyen est 19 sur 29
Statistiques - réponses
Afrique % Correct
Canberra
88%
Caracas
83%
Bucarest
82%
Copenhague
82%
Le Caire
81%
Stockholm
74%
Moscou
73%
Chisinau
72%
Mexico
72%
Monaco
72%
Vatican
71%
Asuncion
69%
Accra
65%
Conakry
65%
Dacca
64%
Nicosie
64%
Podgorica
64%
Castries
63%
Le Cap
59%
Achgabat
57%
Tachkent
57%
Tegucigalpa
57%
Mogadiscio
56%
Bichkek
55%
Victoria
54%
Port-au-Prince
53%
Mascate
52%
Douchanbé
51%
Nouakchott
46%
Aucun quiz correspondant
Distribution des résultats
% des personnes avec chaque résultat
Percentile par nombre de réponses
Votre historique - résultats
Vous n’avez pas pris ce quiz